Proverbes de Noël ou pas ? (mort subite) - Statistiques

Statistiques générales
  • Ce quiz a été pris 43 fois
    39 depuis la dernière actualisation
  • Le résultat moyen est 7 sur 12
Answers on the Grid
Answers color-coded by a green-red scale on the quiz's grid according to % correct below.
« Vent qui souffle à la sortie de la messe de minuit, dominera l'an qui suit. »
"Qui se promène au soleil à Noël, se tient au coin du feu à Pâques."
« Quand pour Noël on s'ensoleille, pour Pâques on brûle le bois. »
« Noël militaire, pâques de l'urticaire. »
« Noël humide, greniers et tonneaux vides. »
« Soir de Noël sombre, an d'ondées en grand nombre. »
« Beau temps à Noël, est un présent du ciel. »
« Quand Noël est étoilé, force paille, guère de blé. »
« Noël un adultère, pâques une crise de nerfs. »
« Beaucoup de paille et peu de blé, quand Noël est éclairé. »
« Qui prend le soleil à Noël, souvent à Pâques se gèle. »
« Noël au balcon, Pâques aux tisons. »
« Noël un laideron, pâques un canon. »
« Noël sans lune ; de cent brebis il n'en est pas une. »
« Noël au fourgon, pâques en prison. »
« À Noël les moucherons, à Pâques les glaçons. »
 
Statistiques - réponses
Réponse % Correct
"Qui se promène au soleil à Noël, se tient au coin du feu à Pâques."
72%
« Quand pour Noël on s'ensoleille, pour Pâques on brûle le bois. »
63%
« Vent qui souffle à la sortie de la messe de minuit, dominera l'an qui suit. »
63%
« Beau temps à Noël, est un présent du ciel. »
56%
« Noël au balcon, Pâques aux tisons. »
56%
« Soir de Noël sombre, an d'ondées en grand nombre. »
56%
« Beaucoup de paille et peu de blé, quand Noël est éclairé. »
53%
« À Noël les moucherons, à Pâques les glaçons. »
50%
« Noël humide, greniers et tonneaux vides. »
47%
« Quand Noël est étoilé, force paille, guère de blé. »
47%
« Qui prend le soleil à Noël, souvent à Pâques se gèle. »
47%
« Noël sans lune ; de cent brebis il n'en est pas une. »
44%
Aucun quiz correspondant
Distribution des résultats
% des personnes avec chaque résultat
Percentile par nombre de réponses
Votre historique - résultats
Vous n’avez pas pris ce quiz depuis la dernière actualisation